000 00460cam a2200181ua 4500
001 6903
008 140308n ii |||gr||||Z||||||asm
040 _cMAIN
082 _a510
245 _aBanijyik ganit
_cBy Badan chandra borua
250 _a1st ed.
260 _aGuwahati:
_bpathyaputhi prastuti samanay samiti,
_c1973.
300 _ax,288p.
653 _aMathematics
653 _aBanijyik ganit
700 _aBorua,Badan chandra,
_eAuthor.
942 _cBK
999 _c6049
_d6049